| 000 | 01441cam a22004213a 4500 | ||
|---|---|---|---|
| 001 | 2154 | ||
| 003 | FISKH | ||
| 005 | 20231107154239.0 | ||
| 008 | 110808s1992 nyua j 000 1 eng d | ||
| 010 | _a 2011459477 | ||
| 020 | _a9780590448222 | ||
| 020 | _a9780780782235 | ||
| 020 | _a0780782232 | ||
| 020 | _a0590448226 | ||
| 035 | _a(OCoLC)ocm25417152 | ||
| 040 |
_aMRQ _cMRQ _dSLC _dOCL _dOCLCQ _dBAKER _dBTCTA _dXY4 _dYDXCP _dLF3 _dEM5 _dDLC _bENG |
||
| 042 | _alccopycat | ||
| 050 | 0 | 0 | _aCPB Box no. 203 vol. 21 |
| 082 | _a419 | ||
| 100 | 1 | _aDadey, Debbie. | |
| 245 | 1 | 0 |
_aLeprechauns don't play basketball / _cby Debbie Dadey and Marcia Thornton Jones ; illustrated by John Steven Gurney. |
| 260 |
_aNew York : _bScholastic, _c1992. |
||
| 300 |
_a71 pages : _billustrations ; _c20 cm |
||
| 505 | _aP | ||
| 520 | _aThere's a mystery going on between the new basketball coach and the third-grade teacher, Mrs. Jeepers. | ||
| 521 | 0 |
_a650
_bLexile |
|
| 521 | 0 |
_aP
_bRaz-Plus |
|
| 650 | 0 |
_aLeprechauns _vFiction. |
|
| 650 | 0 |
_aBasketball _vFiction. |
|
| 650 | 0 |
_aSchools _vFiction. |
|
| 650 | 0 |
_aBasketball coaches _vFiction. |
|
| 650 | 0 |
_aBailey School Kids (Fictitious characters) _vFiction. |
|
| 655 | 7 |
_aChildren's stories. _2lcsh |
|
| 700 | 1 |
_aJones, Marcia Thornton. _eAuhtor |
|
| 700 | 1 |
_aGurney, John Steven, _d1962- _eillustrator |
|
| 906 |
_a7 _bcbc _ccopycat _d2 _encip _f20 _gy-genrareb |
||
| 942 |
_2ddc _cBK _n0 |
||
| 999 |
_c2154 _d2154 |
||